Statistiken für Hagel

Klicken Sie hier um das Quiz zu spielen!

Allgemein

  • Dieses Quiz wurde 64 mal gespielt
  • Das Durchschnittsergebnis liegt bei 2 aus 5

Antwortstatistiken

FrageAntwort% Korrekt
Wo wurde der größte Hagelkorn gefunden?South Dakota
80%
Wo ist die richtige Art von Hagel?Eiskugel
66%
Was schützt vor Hagel(bei autos)?Carport
41%
In welcher Jahreszeit gibt es am meisten Hagel?Sommer
28%
Wohin steigt die kalte Luft?Nach oben
11%

Verteilung der Resultate

Perzentil nach korrekt beantworteten Fragen

Anzahl Personen mit jedem Resultat

Ihre Resultats-Entwicklung

Sie haben dieses Quiz noch nicht gespielt